000 00374 a2200109 4500
001 ART_38042
005 20260410161803.0
008 260409a
245 1 0 _aEl tratamiento contable del fideicomiso en el Código Civil y Comercial de la Nación
100 1 _aPapa, Rodolfo G.
773 0 _tDoctrina Societaria y Concursal
_g- Nº 338 (ene. 2016)
_wREV4298
999 _c20762
_d20762